000 01176nam a2200313 i 4500
001 000047997
003 DO-SdBNP
005 20251209085620.0
007 ta
008 101011s2004 dr a 001 0 spa d
020 _a9993439282
040 _aDO-SdBNP
_bspa
_cBNPHU
_erda
082 4 _a384.697293
_bM878t, 2004
_222
100 1 _aMorrison Amador, Hiddekel Abel,
_d1978-
_946225
245 1 4 _aLas telecomunicaciones en República Dominicana :
_borigen, evolución e impacto en el desarrollo económico /
_cHiddekel Morrison.
260 _bTaller,
_c2006.
264 _aSanto Domingo :
_bLa Trinitaria,
_c2004
300 _a200 paginas. :
_bilustraciones ;
_c22 cm.
336 _2rdacontent
_atexto
_btxt
337 _2rdamedia
_asin mediación
_bn
338 _2rdacarrier
_avolumen
_bnc
500 _aIncluye datos biográficos del autor en la contraportada.
590 _aInventariado, 2023 / DG
650 4 _aDesarrollo científico y tecnológico
_zRepública Dominicana
_911803
650 4 _aTecnología de las comunicaciones
_zRepública Dominicana
_946231
650 0 _aTelecomunicaciones
_zRepública Dominicana
_xHistoria
_9550
910 _aDG
942 _2ddc
_cLBS1
999 _c53878
_d53878